| 000 | 00589nam a22001817a 4500 | ||
|---|---|---|---|
| 003 | OSt | ||
| 005 | 20251201115333.0 | ||
| 008 | 251201b |||||||| |||| 00| 0 eng d | ||
| 020 | _a971-0489-16-9. | ||
| 040 |
_aDWCL-Main lib _cOC |
||
| 082 |
_22008 ed. _aFil. 657 Ub14c 2008 |
||
| 100 | _aUberita, Conrado O. | ||
| 245 |
_aCPA Examination : _bpractical accounting 1, 2008 ed. _cUberita, Conrado O. |
||
| 260 |
_aManila : _bGIC Enterprises & Co., Inc., _cC2008. |
||
| 300 |
_a778 pages ; _c23 cm. |
||
| 650 | _21. Accounting-Problems exercises, etc. | ||
| 942 |
_2ddc _cBK-FIL _e2008 ed. _kFil. _n0 |
||
| 999 |
_c6648 _d6648 |
||